000 00988nam a22002297a 4500
001 64281
003 UA-OsUOA
005 20220523115721.0
007 ta
008 20091103b un ||||| |||| 00| 0 ukr d
040 _aUA-OsUOA
_brus
_cUA-OsUOA
_dUA-OsUOA
041 _arus
080 _a016
090 _a016
_bТ78
245 _aТруды научных работников Львовского государственного университета им. Ивана Франка
_bбиблиографический указатель
_nВып.1
_nЧ. 1
_pМеханико-математические, физические и химические науки
_pРаботы опубликованные в 1944–1954 гг.
260 _aЛьвов
_c1957
300 _a85 с.
650 7 _a01 Бібліографія і бібліографії. Каталоги
_2UDC
942 _cBK
_2udc
955 _a4
999 _c350427
_d350427